The China investor

保存先:
書誌詳細
第一著者: Bowring, Philip
フォーマット: 図書
言語:Undetermined
出版事項: Hong Kong AsiaPacific Fiancial Publishing 1993
主題:
タグ: タグ追加
タグなし, このレコードへの初めてのタグを付けませんか!
Thư viện lưu trữ: Trung tâm Học liệu Trường Đại học Cần Thơ
LEADER 00544nam a2200193Ia 4500
001 CTU_105533
008 210402s9999 xx 000 0 und d
082 |a 332.673 
082 |b B788 
100 |a Bowring, Philip 
245 4 |a The China investor 
245 0 |c Philip Bowring, David Bliasdell, Jane Parry 
260 |a Hong Kong 
260 |b AsiaPacific Fiancial Publishing 
260 |c 1993 
650 |a Stocks,Stock exchanges 
650 |z China,China 
904 |i Nguyên 
980 |a Trung tâm Học liệu Trường Đại học Cần Thơ